| 000 | 01108cam a2200241 i 4500 | ||
|---|---|---|---|
| 003 | SA-RiAUC | ||
| 005 | 20250921124148.0 | ||
| 008 | 250919s1988 su g 00000dara c | ||
| 040 |
_aSA-RiAUC _bara _cSA-RiAUC _erda |
||
| 082 | 0 | 4 | _a928.1 |
| 090 |
_a928.1 _bم ف ق |
||
| 245 | 0 | 2 |
_aالمفقود من شعر علي بن محمد السنوسي : _bدراسة تحليلية لشخصيته وتوثيقية لبعض قصائده / _cحققه عبد الله بن محمد بن حسين أبو داهش. |
| 264 | 1 |
_aأبها، السعودية : _bعبد الله بن محمد بن حسين أبو داهش، _c1988 |
|
| 300 |
_a204 صفحة ؛ _c24 سم. |
||
| 336 |
_aنص _btxt _2rdacontent _3كتاب |
||
| 337 |
_aبدون وسيط _bn _2rdamedia |
||
| 338 |
_aمجلد _bnc _2rdacarrier |
||
| 440 | 0 |
_aمن تراث علماء جنوبي الجزيرة العربية _v7 |
|
| 650 | 7 |
_aالشعر العربي _yقرن 20 _2aucsh |
|
| 700 | 1 |
_aأبو داهش، عبد الله محمد حسين، _d1370 هجري- _eمحقق. |
|
| 942 |
_2ddc _cBOOK _n0 |
||
| 949 |
_aSA-JeALM _d250919 _umohamedma123 _n1 |
||
| 999 |
_c11946 _d11946 |
||